| 000 | 02105nam a22002897a 4500 | ||
|---|---|---|---|
| 003 | DO-SdBNP | ||
| 005 | 20230711093759.0 | ||
| 006 | a||||gr|||| 00| 0 | ||
| 007 | ta | ||
| 008 | 230710e2010 dr aoc|| |||| 00| e spa d | ||
| 020 | _a139781456426200 | ||
| 020 | _a101456426206 | ||
| 040 |
_aDO-SdBNP _bspa _cBNPHU _erda |
||
| 082 | 4 |
_222 _bE77 |
|
| 100 | 1 |
_aEspinola, Ramón Emilio _976287 |
|
| 245 | 1 | 0 |
_aDominicanas ejemplares: _bestudio histórico-biográfico y breve análisis del machismo en la historia. / _cRamón Emilio Espínola |
| 264 | 1 |
_aEstados Unidos de América : _b[sin editora], _c©2010 |
|
| 300 |
_a252 páginas : _bIlustraciones, fotografías, retratos ; _c23 cm |
||
| 336 |
_2rdaconten _atexto _btxt |
||
| 337 |
_2rdamedia _asin medición _bn |
||
| 338 |
_2rdacarrier _avolumen _bnc |
||
| 500 | _aIncluye bibliografía y notas al pie de páginas. | ||
| 504 | _aBibliografía: páginas 251 - 252 | ||
| 505 |
_aUnas palabras introductorias. _gEl machismo como actitud represiva.-- El machismo en las sociedades islámica.-- Las verdaderas enseñanzas de Mahoma.-- Conceptualización sobre el machismo.--Historia.-- Desarrollo del machismo. _gDominicanas ejemplares. _t María Nicolás Billini.-- Rosa Duarte.-- María Baltazar de los Reyes.-- María de la Concepción.-- Bona y Hernández.-- Josefa Antonia Pérez de la Paz.--Antera Mota Mercedes Mota.-- Petronila Gau. _gLa Sublevación de Sabaneta. _tJosefina Bueno y Petronila Hernández.-- Virginia Hernández.-- Juana de la Mercedes Trinidad. _gBatalla del 30 de marzo. _tMaría Trinidad Sánchez.-- Socorro Sánchez.-- Las Villa.-- Julia Cobier. _gCarta de Jamaica. _tAmbrosia Ercilia Estrella.-- Ana Emilia Abigail Mejía Solier. _gEl impacto del feminismo.-- En las sociedades occidentales. _tFroilana Febles de Rivera.-- Anacaona Moscoso Puello-- Andrea Evangelina Perozo. _gLa primera médico dominicana. _tSalomé Ureña.-- Florina soriano Muñoz.-- Asela Mercedes Morel Pérez.-- Minerva Mirabal. _gExpediciones Armadas de junio de 1959.-- Bibliografía y obras consulltadas. |
||
| 590 | _aInventariado 2023 / MF | ||
| 942 |
_2ddc _cLBS1 |
||
| 999 |
_c54143 _d54143 |
||